
Library Catalogue

| 000 -LEADER | |
|---|---|
| fixed length control field | 02184nam a2200217Ia 4500 |
| 003 - CONTROL NUMBER IDENTIFIER | |
| control field | OSt |
| 005 - DATE AND TIME OF LATEST TRANSACTION | |
| control field | 20201119120253.0 |
| 008 - FIXED-LENGTH DATA ELEMENTS--GENERAL INFORMATION | |
| fixed length control field | 160316s2009 xxu||||| |||| 00| 0 eng d |
| 020 ## - INTERNATIONAL STANDARD BOOK NUMBER | |
| International Standard Book Number | 9789041127921 |
| 040 ## - CATALOGING SOURCE | |
| Transcribing agency | nls |
| 082 ## - DEWEY DECIMAL CLASSIFICATION NUMBER | |
| Classification number | 346.022000 |
| Item number | BRU |
| 100 ## - MAIN ENTRY--PERSONAL NAME | |
| Personal name | Brunner Christoph |
| 245 ## - TITLE STATEMENT | |
| Title | Force majeure and hardship under general contract principles : Exemption for non-performance in international arbitration |
| 260 ## - PUBLICATION, DISTRIBUTION, ETC. | |
| Place of publication, distribution, etc. | London |
| Name of publisher, distributor, etc. | Wolter Kluwer |
| Date of publication, distribution, etc. | 2009 |
| 300 ## - PHYSICAL DESCRIPTION | |
| Extent | 589p |
| Dimensions | xxiii |
| 365 ## - TRADE PRICE | |
| Price amount | Rs. 11,071 |
| 505 ## - FORMATTED CONTENTS NOTE | |
| Formatted contents note | Content<br/>Chapter 1. Introduction;<br/>§ 1. Force Majeure and Hardship in International Commercial Transactions;<br/>§ 2. General Principles of Commercial Contracts: Methodological Approach;<br/>Chapter 2. Scope of Application of General Contract Principles; <br/>§ 3. General Remarks on the Governing Law and the Application of General Contract Principles;<br/>§ 4. Choice of Law Agreement Providing for the Application of a National Law;<br/>§ 5. No Choice of Law Made by the Parties;<br/>Chapter 3. The Concept of Non-performance;<br/>§ 6. The Concept of Non-Performance under General Contract Principles; <br/>Chapter 4. Force Majeure Excuse;<br/>§ 7.The Force Majeure Excuse as a General Principle of Law;<br/>§ 8. Individual Requirements of the Force Majeure Excuse under General Contract Principles;<br/>§ 9. Legal Effects of the Force Majeure Excuse;<br/>§ 10. Interpretation and Effects of Force Majeure Clauses;<br/>Chapter 5. Hardship (Change of Circumstances): Fundamental Change of the Equilibrium of the Contract; § 11. Hardship as a General Principle of Law;<br/>§ 12. Individual Requirements of the Hardship Defence;<br/>§ 13. Legal Effects of Hardship;<br/>§ 14. Interpretation and Legal Effects of Hardship Clauses;<br/>§ 15. Hardship Distinguished from Other Remedies; <br/>Chapter 6. Conclusion;<br/>Bibliography;<br/>Principles on Force Majeure in the CISG, UPICC,PECL, the TLDB-Principles and ICC Force Majeure Clause 2003;<br/>Principles on Hardship in the UPICC, PECL, the TLDB-Principles and ICC Hardship Clause 2003;<br/>Index<br/> |
| 650 ## - SUBJECT ADDED ENTRY--TOPICAL TERM | |
| Topical term or geographic name entry element | 1. Impossibility of Performance - U K 2. Vis Major - Civil Law - U K 3. Discharge of Contracts - U K |
| 700 ## - ADDED ENTRY--PERSONAL NAME | |
| Personal name | |
| -- | |
| 942 ## - ADDED ENTRY ELEMENTS (KOHA) | |
| Source of classification or shelving scheme | Dewey Decimal Classification |
| Koha item type | BOOKs |
| Withdrawn status | Lost status | Damaged status | Not for loan | Home library | Current library | Shelving location | Date acquired | Cost, normal purchase price | Total Checkouts | Full call number | Barcode | Date last seen | Price effective from | Koha item type |
|---|---|---|---|---|---|---|---|---|---|---|---|---|---|---|
| Not For Loan | . | . | REFERENCE SECTION | 30.05.2017 | 11071.00 | 346.022 BRU | 23899 | 30.05.2017 | 30.05.2017 | BOOKs |